[Event "British Columbia-ch U20"]
[Site "Victoria"]
[Date "1986.09.28"]
[Round "4.2"]
[White "Gervais, Shawn"]
[Black "Wu, Howard"]
[Result "1-0"]
[WhiteElo "1689"]
[BlackElo "1473"]
[PlyCount "55"]
[EventDate "1986.09.27"]
[EventType "tourn"]
[EventRounds "5"]
[EventCountry "CAN"]
[SourceTitle "EXT 2022"]
[Source "ChessBase"]
[SourceDate "2021.10.06"]
[SourceVersion "1"]
[SourceVersionDate "2021.10.06"]
[SourceQuality "1"]

1. Nf3 Nf6 2. g3 b6 3. Bg2 Bb7 4. 0-0 g6 5. d3 Bg7 6. c4 c5 7. Nc3 0-0 8. Bf4 d6 9. Qd2 Re8 10. a3 Nc6 11. Rab1 d5 12. cxd5 Nxd5 13. Nxd5 Qxd5 14. Ne5 Qe6 15. Nc4 b5 16. Ne3 a5 17. Nd5 Be5 18. Rfc1 Nd4 19. Bxe5 Qxe5 20. Rxc5 Nb3 21. Qc2 Nxc5 22. Qxc5 Red8 23. Nxe7+ Kf8 24. Qxe5 Bxg2 25. Kxg2 Re8 26. Rc1 Ra7 27. Rc8 Raxe7 28. Qh8# 1-0

[Event "British Columbia-ch U20"]
[Site "Victoria"]
[Date "1986.09.27"]
[Round "3.2"]
[White "Basanta, Gary"]
[Black "Gervais, Shawn"]
[Result "1-0"]
[WhiteElo "2249"]
[BlackElo "1689"]
[PlyCount "117"]
[EventDate "1986.09.27"]
[EventType "tourn"]
[EventRounds "5"]
[EventCountry "CAN"]
[SourceTitle "EXT 2022"]
[Source "ChessBase"]
[SourceDate "2021.10.06"]
[SourceVersion "1"]
[SourceVersionDate "2021.10.06"]
[SourceQuality "1"]

1. e4 d6 2. d4 Nf6 3. f3 g6 4. c4 Bg7 5. Nc3 0-0 6. Be3 Nc6 7. Nge2 e5 8. d5 Ne7 9. Qd2 Ne8 10. g4 f5 11. gxf5 gxf5 12. Bg5 Bf6 13. Rg1 Ng6 14. h4 Ng7 15. 0-0-0 Nxh4 16. Bxh4 Bxh4 17. Qh6 Rf7 18. Bh3 Qf6 19. Qxf6 Rxf6 20. f4 exf4 21. Nxf4 fxe4 22. Be6+ Kf8 23. Nh5 Nxh5 24. Rg8+ Ke7 25. Bxc8 Rf8 26. Rg4 Rf4 27. Rxf4 Nxf4 28. Rh1 Nd3+ 29. Kc2 Rxc8 30. Rxh4 Nf2 31. Rxh7+ Kf6 32. Kd2 Ke5 33. Ke2 Ng4 34. Re7+ Kf5 35. Nxe4 Ne5 36. Nd2 Kf6 37. Rh7 Kg6 38. Re7 Kf6 39. Re6+ Kf7 40. c5 Re8 41. Rxe8 Kxe8 42. cxd6 cxd6 43. Ke3 Ke7 44. Kd4 b5 45. Kc3 Kd7 46. b3 Kc7 47. Ne4 Nf7 48. Kd4 Nd8 49. Nc3 Kb6 50. b4 a6 51. Ke4 Kc7 52. Kf5 Kd7 53. Kf6 Nb7 54. a3 Nd8 55. Ne2 Nb7 56. Nd4 Nd8 57. Kf5 Ke7 58. Kg6 Ke8 59. Kf5 1-0

[Event "British Columbia-ch U20"]
[Site "Victoria"]
[Date "1986.09.27"]
[Round "2.3"]
[White "Gervais, Shawn"]
[Black "Spears, Nicholas"]
[Result "0-1"]
[WhiteElo "1689"]
[BlackElo "2002"]
[PlyCount "42"]
[EventDate "1986.09.27"]
[EventType "tourn"]
[EventRounds "5"]
[EventCountry "CAN"]
[SourceTitle "EXT 2022"]
[Source "ChessBase"]
[SourceDate "2021.10.06"]
[SourceVersion "1"]
[SourceVersionDate "2021.10.06"]
[SourceQuality "1"]

1. Nf3 e6 2. g3 f5 3. d3 Nf6 4. Bg2 Be7 5. c4 0-0 6. 0-0 Qe8 7. Bf4 d6 8. c5 e5 9. cxd6 Bxd6 10. Bd2 Nc6 11. Nc3 Qh5 12. Nb5 Ng4 13. h3 Nh6 14. Ng5 f4 15. Qb3+ Kh8 16. Nxd6 Nd4 17. Ngf7+ Nxf7 18. Nxf7+ Rxf7 19. Qd5 Bxh3 20. Bxh3 Qxh3 21. Qxe5 f3 0-1